Komu sa nelení, tomu sa žouželení

Podrobná bibliografia
Hlavný autor: lm (Author)
Médium: Článok
Jazyk:Slovak
Témy:
Zdroj: 1. Košický denník 1. Roč. 2, č. 119(2000), dát. 0525, s. 1
LEADER 00859nab#a2200325#ar4500
001 000036331
003 SVKKK
005 00000000000000.0
008 c xo e sloo
FMT
038 |a SVKKK 
040 |a SVKKK  |b slo  |e AACR2 
041 0 |a slo 
044 |a xo  |c SK 
080 |a 061.23:502.  |2 1981 
100 0 |a lm  |4 aut 
245 1 0 |a Komu sa nelení, tomu sa žouželení  |c lm , 
500 |a správny názov "žouželení" 
650 0 4 |a Zelené jablko, názov ekologického zoskúpenia, Košice  |x činnosť 
650 0 4 |a akcia ekologická  |x Sivecké lúky (KS)  |x informácie 
773 0 |t Košický denník  |g Roč. 2, č. 119(2000), dát. 0525, s. 1 
957 |a Košice 
957 |a Sivecké lúky 
958 |a KE 
958 |a KS 
974 |d 010402  |a SAB 
992 |a RBX 
BAS
852 |a SVKKK  |b BIB 
998 |a REG